[Event "ODEM U25A 2013"]
[Site "Oberhof GER"]
[Date "2013.05.20"]
[Round "3"]
[White "Lenz, Jonas"]
[Black "Vergin, Marcel"]
[Result "1-0"]
[Termination "normal"]
[Board "28"]
[WhiteElo "1972"]
[BlackElo "1801"]
[PlyCount "105"]
[WhiteFideId "24691160"]
[EventCountry "GER"]
[EventRounds "9"]
[EventType "swiss"]
[EventDate "2013.05.18"]

1. e4 c5 2. Nf3 Nc6 3. d4 cxd4 4. Nxd4 g6 5. Nc3 Bg7 6. Be3 Nf6 7. Nxc6 dxc6 8.
Qxd8+ Kxd8 9. O-O-O+ Ke8 10. f3 Be6 11. Be2 b6 12. Ba6 Bc8 13. Bc4 e5 14. Rd6
Bd7 15. Bg5 Ke7 16. Rhd1 Be8 17. R6d2 h6 18. Be3 Nd7 19. a3 Rc8 20. g3 g5 21.
Bf1 Rc7 22. Bh3 Bf6 23. b4 b5 24. Kb2 h5 25. Bf5 Rg8 26. h3 Bh8 27. Ne2 f6 28.
Bxd7 Bxd7 29. Bc5+ Ke8 30. Nc1 Rg7 31. Nb3 Rh7 32. Bd6 Rc8 33. g4 hxg4 34. hxg4
Be6 35. Na5 Rd7 36. Bc5 Rxd2 37. Rxd2 a6 38. Nb7 Rb8 39. Nd6+ Kf8 40. Nxb5+ Kf7
41. Na7 Rb7 42. Nxc6 Rd7 43. Rxd7+ Bxd7 44. Na5 Bg7 45. Kb3 Be6+ 46. c4 Bf8 47.
Bxf8 Kxf8 48. a4 Ke7 49. Nb7 Bc8 50. Nc5 Kd6 51. Nd3 Kc7 52. Nf2 Kb6 53. Nd1
1-0

[Event "ODEM U25A 2013"]
[Site "Oberhof GER"]
[Date "2013.05.20"]
[Round "3"]
[White "Greßmann, Hanna"]
[Black "Khrapko, Marko"]
[Result "0-1"]
[Termination "normal"]
[Board "29"]
[WhiteElo "1520"]
[BlackElo "1818"]
[PlyCount "58"]
[WhiteFideId "12930709"]
[BlackFideId "12916293"]
[EventCountry "GER"]
[EventRounds "9"]
[EventType "swiss"]
[EventDate "2013.05.18"]

1. e4 e5 2. Nf3 Nc6 3. Bc4 Nf6 4. d3 Bc5 5. c3 d6 6. O-O a6 7. Bb3 Bg4 8. Re1
Qd7 9. Nbd2 O-O-O 10. Bc2 h6 11. b4 Bb6 12. a4 Ne7 13. a5 Ba7 14. Ba4 c6 15.
Qc2 g5 16. c4 Bxf3 17. Nxf3 g4 18. Nd2 g3 19. hxg3 Ng4 20. Re2 f5 21. Nf1 Rhg8
22. b5 Bd4 23. Rb1 f4 24. bxa6 Nxf2 25. Rxf2 fxg3 26. Nxg3 Rxg3 27. Kh1 Qg4 28.
Rxb7 Rxg2 29. Rxg2 Qh3+ 0-1

[Event "ODEM U25A 2013"]
[Site "Oberhof GER"]
[Date "2013.05.20"]
[Round "3"]
[White "Brühan, Caren"]
[Black "Reimers, Juri"]
[Result "0-1"]
[Termination "normal"]
[Board "30"]
[WhiteElo "1643"]
[BlackElo "1751"]
[PlyCount "78"]
[WhiteFideId "24691976"]
[BlackFideId "24661511"]
[EventCountry "GER"]
[EventRounds "9"]
[EventType "swiss"]
[EventDate "2013.05.18"]

1. d4 g6 2. Nf3 Bg7 3. Bf4 c5 4. e3 cxd4 5. exd4 d5 6. c3 Nf6 7. Bd3 Bg4 8.
Nbd2 O-O 9. Qb3 Bxf3 10. Nxf3 Qc8 11. O-O Nc6 12. Rfe1 a6 13. Re2 Qd7 14. Rae1
e6 15. Ne5 Nxe5 16. Bxe5 Ne8 17. Bxg7 Kxg7 18. Re3 b5 19. Qd1 Nd6 20. Rf3 Rfc8
21. Qe2 Nc4 22. Bxc4 Rxc4 23. Qe5+ Kg8 24. Rh3 Qd8 25. a3 Rac8 26. Qg3 a5 27.
Rh6 Qf6 28. Rh3 b4 29. axb4 axb4 30. Qe5 Qxe5 31. dxe5 bxc3 32. bxc3 Rxc3 33.
Rxc3 Rxc3 34. g3 f6 35. f4 Rc2 36. h3 Kf7 37. g4 Ke7 38. Kf1 fxe5 39. Rxe5 Rc4
0-1

[Event "ODEM U25A 2013"]
[Site "Oberhof GER"]
[Date "2013.05.20"]
[Round "3"]
[White "Alten, Silvio"]
[Black "Kitze, Lukas"]
[Result "1-0"]
[Termination "normal"]
[Board "31"]
[WhiteElo "1878"]
[BlackElo "1611"]
[PlyCount "131"]
[WhiteFideId "24660078"]
[BlackFideId "12932159"]
[EventCountry "GER"]
[EventRounds "9"]
[EventType "swiss"]
[EventDate "2013.05.18"]

1. e4 c5 2. d4 cxd4 3. c3 Nf6 4. e5 Nd5 5. cxd4 Nc6 6. Nf3 d6 7. Bc4 e6 8. O-O
Be7 9. Nc3 Nb6 10. Bb3 O-O 11. exd6 Bxd6 12. d5 exd5 13. Nxd5 Nxd5 14. Bxd5 Qc7
15. h3 Bf5 16. Bd2 Rac8 17. Bc3 Rfd8 18. Qb3 Bc5 19. Ng5 Bg6 20. Rad1 h6 21.
Nf3 Bb6 22. Rd2 Na5 23. Qd1 Nc4 24. Bxc4 Qxc4 25. Ne5 Qf4 26. Nxg6 fxg6 27.
Rxd8+ Rxd8 28. Qe2 Bc7 29. g3 Qf5 30. Kh2 Rf8 31. Qc4+ Qf7 32. Qxf7+ Rxf7 33.
Kg2 g5 34. Bd4 a6 35. Re1 Rd7 36. Bc3 Bb6 37. Re6 Bd4 38. Bxd4 Rxd4 39. Rb6 Rd7
40. Kf3 Kf7 41. Kg4 g6 42. f4 gxf4 43. gxf4 Kg7 44. h4 h5+ 45. Kf3 Re7 46. b4
Kf7 47. a4 Kg7 48. a5 Kf7 49. f5 gxf5 50. Kf4 Re4+ 51. Kg5 f4 52. Rxb7+ Ke6 53.
Rb6+ Kd5 54. Rf6 Rxb4 55. Rxf4 Rxf4 56. Kxf4 Ke6 57. Kg5 Ke5 58. Kxh5 Kf5 59.
Kh6 Kf6 60. h5 Kf7 61. Kg5 Kg7 62. Kf5 Kh6 63. Ke6 Kxh5 64. Kd6 Kg6 65. Kc6 Kf6
66. Kb6 1-0

[Event "ODEM U25A 2013"]
[Site "Oberhof GER"]
[Date "2013.05.20"]
[Round "3"]
[White "Edel, Fenja"]
[Black "Torzinski, Nils"]
[Result "0-1"]
[Termination "normal"]
[Board "32"]
[WhiteElo "1635"]
[BlackElo "1805"]
[PlyCount "76"]
[WhiteFideId "24696749"]
[BlackFideId "24695840"]
[EventCountry "GER"]
[EventRounds "9"]
[EventType "swiss"]
[EventDate "2013.05.18"]

1. e4 e5 2. Nc3 Nf6 3. Bc4 Bc5 4. d3 d6 5. f4 O-O 6. Nf3 Nc6 7. Na4 Bb6 8. Nxb6
axb6 9. O-O Bg4 10. Bb3 Nd4 11. Qe1 Bxf3 12. gxf3 Nd7 13. Be3 Qf6 14. f5 Nc5
15. Qd2 Ncxb3 16. cxb3 h6 17. Bxd4 exd4 18. Qf2 Kh7 19. a3 c5 20. Qd2 Rac8 21.
Rac1 d5 22. Kh1 Qd6 23. Rfe1 Rfe8 24. Qf2 Qf4 25. Qg2 f6 26. Rg1 Re7 27. Qe2
dxe4 28. fxe4 Qxf5 29. Qg2 Qe6 30. Qg6+ Kh8 31. Rcf1 Rf8 32. b4 c4 33. Rf5 cxd3
34. e5 Qc6+ 35. Rg2 d2 36. Rf1 d1=Q 37. Rxd1 fxe5 38. Qg3 Qf3 0-1

[Event "ODEM U25A 2013"]
[Site "Oberhof GER"]
[Date "2013.05.20"]
[Round "3"]
[White "Fischer, Maxi"]
[Black "Valet, Alexander"]
[Result "0-1"]
[Termination "normal"]
[Board "33"]
[WhiteElo "1497"]
[BlackElo "1910"]
[PlyCount "94"]
[WhiteFideId "24692395"]
[BlackFideId "24682560"]
[EventCountry "GER"]
[EventRounds "9"]
[EventType "swiss"]
[EventDate "2013.05.18"]

1. e4 d5 2. exd5 Qxd5 3. Nc3 Qa5 4. d4 c6 5. Bc4 Bf5 6. Nf3 e6 7. Ne5 Nf6 8. g4
Be4 9. O-O Bd5 10. Bd3 Nbd7 11. Nxd7 Nxd7 12. Bf4 Be7 13. Re1 Qb4 14. Nxd5 cxd5
15. c3 Qb6 16. Rb1 Bd6 17. Bxd6 Qxd6 18. Re3 Qf4 19. Qe2 Nf6 20. Bb5+ Ke7 21.
f3 h5 22. Re1 hxg4 23. fxg4 Qxg4+ 24. Rg3 Qxe2 25. Rxe2 g6 26. Rf3 Rh7 27. Rff2
Rah8 28. Bd3 Rh3 29. Bc2 Ng4 30. Rg2 Ne3 31. Rgf2 f5 32. Ba4 a6 33. Bc2 Kf6 34.
Re1 Ng4 35. Rfe2 Rxh2 36. Rxh2 Rxh2 37. Ba4 b5 38. Bd1 Rxb2 39. Bxg4 fxg4 40.
Rf1+ Ke7 41. Rf2 Rxf2 42. Kxf2 Kf6 43. Kg3 Kf5 44. Kf2 Ke4 45. Kg3 Kd3 46. Kxg4
Kxc3 47. Kf4 Kxd4 0-1

[Event "ODEM U25A 2013"]
[Site "Oberhof GER"]
[Date "2013.05.20"]
[Round "3"]
[White "Koll, Lukas"]
[Black "Kast, Joannis"]
[Result "0-1"]
[Termination "normal"]
[Board "34"]
[WhiteElo "1464"]
[BlackElo "1823"]
[PlyCount "70"]
[WhiteFideId "12969737"]
[BlackFideId "24698776"]
[EventCountry "GER"]
[EventRounds "9"]
[EventType "swiss"]
[EventDate "2013.05.18"]

1. d4 d5 2. c4 e6 3. Nf3 Nf6 4. Bg5 Be7 5. e3 Ne4 6. Bxe7 Qxe7 7. Bd3 Qb4+ 8.
Nbd2 Nxd2 9. Qxd2 Qxd2+ 10. Nxd2 Nd7 11. c5 e5 12. O-O c6 13. b4 O-O 14. Be2
Re8 15. Bf3 f5 16. Rfe1 e4 17. Bd1 g5 18. Nf1 Nf6 19. Ng3 f4 20. Nh5 Nxh5 21.
Bxh5 Re7 22. Be2 Bd7 23. a4 a6 24. a5 Rf8 25. Bf1 Ref7 26. Ra3 fxe3 27. fxe3
Rf2 28. Raa1 Rb2 29. Rab1 Rff2 30. Kh1 Kg7 31. Kg1 h5 32. Kh1 g4 33. Kg1 h4 34.
Kh1 h3 35. gxh3 Rxh2+ 0-1

[Event "ODEM U25A 2013"]
[Site "Oberhof GER"]
[Date "2013.05.20"]
[Round "3"]
[White "Herbrig, Marie-Helen"]
[Black "Wodzinski, Kristin"]
[Result "1-0"]
[Termination "normal"]
[Board "35"]
[WhiteElo "1762"]
[BlackElo "1643"]
[PlyCount "165"]
[WhiteFideId "12900427"]
[BlackFideId "12923141"]
[EventCountry "GER"]
[EventRounds "9"]
[EventType "swiss"]
[EventDate "2013.05.18"]

1. d4 d5 2. Nf3 Nf6 3. c4 c6 4. Nc3 e6 5. Bg5 Nbd7 6. e3 Qa5 7. Bd3 dxc4 8.
Bxc4 Ne4 9. Bf4 Nxc3 10. bxc3 Qxc3+ 11. Nd2 Bb4 12. Rc1 Qxd2+ 13. Qxd2 Bxd2+
14. Kxd2 Nf6 15. Bd3 O-O 16. Rb1 b6 17. f3 Rd8 18. Rhc1 Bb7 19. a4 Rd5 20. Ke2
Rad8 21. Bg3 Ba8 22. Be1 c5 23. Bc4 Rg5 24. g4 cxd4 25. Rd1 Rc5 26. Bd3 Rcd5
27. exd4 Rxd4 28. g5 Nh5 29. Ke3 Bxf3 30. Bxh7+ Kxh7 31. Rxd4 Rxd4 32. Kxd4 Bd5
33. Rc1 a6 34. Bd2 Kg6 35. Rc7 Bb3 36. Rb7 Bxa4 37. Rxb6 Bb5 38. Ke5 Bc4 39.
Kd4 Bb5 40. Ke4 Bc4 41. Kf3 f6 42. h4 Kf5 43. Kf2 Bb5 44. Kf3 Bc4 45. Rb4 Bb5
46. Rd4 Bc6+ 47. Kf2 Bb5 48. Rd8 Kg6 49. Be3 Kf5 50. Rf8 Kg4 51. gxf6 gxf6 52.
Rg8+ Kxh4 53. Kg2 Bc6+ 54. Kh2 f5 55. Bf2+ Ng3 56. Bxg3+ Kh5 57. Bf4 a5 58.
Rg5+ Kh4 59. Rg7 a4 60. Bg3+ Kh5 61. Kh3 Bf3 62. Bf4 Bd5 63. Rg5+ Kh6 64. Rxf5+
Kg6 65. Rg5+ Kf6 66. Kg4 a3 67. Be5+ Kf7 68. Rg7+ Kf8 69. Kg5 a2 70. Bf6 Bc4
71. Kf4 Bd5 72. Ra7 Ke8 73. Re7+ Kf8 74. Ra7 Ke8 75. Ke5 Kf8 76. Kd6 Kg8 77.
Rg7+ Kf8 78. Rh7 Ke8 79. Bc3 Bc4 80. Rc7 Bd5 81. Bg7 Bb3 82. Re7+ Kd8 83. Rb7
1-0

[Event "ODEM U25A 2013"]
[Site "Oberhof GER"]
[Date "2013.05.20"]
[Round "3"]
[White "Lagunow, Elina"]
[Black "Wendler, Simon"]
[Result "1-0"]
[Termination "normal"]
[Board "36"]
[WhiteElo "1759"]
[BlackElo "1413"]
[PlyCount "79"]
[WhiteFideId "4673387"]
[BlackFideId "12938351"]
[EventCountry "GER"]
[EventRounds "9"]
[EventType "swiss"]
[EventDate "2013.05.18"]

1. Nf3 d5 2. g3 c6 3. Bg2 Nf6 4. O-O Bg4 5. h3 Bxf3 6. Bxf3 Nbd7 7. d3 e5 8. c4
Be7 9. Bg2 O-O 10. Nd2 Re8 11. Nf3 Bd6 12. a3 Qe7 13. b4 b5 14. c5 Bc7 15. Qc2
a5 16. Bb2 a4 17. e4 d4 18. Nh4 Nh5 19. Nf5 Qd8 20. f4 g6 21. Qe2 exf4 22. gxf4
Nxf4 23. Qg4 Nf6 24. Qg5 Ne2+ 25. Kh1 Nxe4 26. Nh6+ Kg7 27. Rxf7+ Kh8 28. Qxd8
N4g3+ 29. Kh2 Raxd8 30. Rxc7 Nf4 31. Nf7+ Kg8 32. Kxg3 Nxd3 33. Nxd8 Rxd8 34.
Bc1 Nxc1 35. Rxc1 d3 36. Bxc6 d2 37. Rd1 Rd3+ 38. Kg2 Rxa3 39. Rxd2 Rb3 40.
Rd8# 1-0

[Event "ODEM U25A 2013"]
[Site "Oberhof GER"]
[Date "2013.05.20"]
[Round "3"]
[White "Reinfelder, Fabian"]
[Black "Steingräber, Kai-Uwe"]
[Result "1/2-1/2"]
[Termination "normal"]
[Board "37"]
[WhiteElo "1498"]
[BlackElo "2169"]
[PlyCount "132"]
[WhiteFideId "12963607"]
[BlackFideId "1271602"]
[EventCountry "GER"]
[EventRounds "9"]
[EventType "swiss"]
[EventDate "2013.05.18"]

1. d4 d5 2. Bf4 Nf6 3. e3 e6 4. Nd2 c5 5. c3 Nc6 6. Bd3 Bd6 7. Bxd6 Qxd6 8.
Ngf3 O-O 9. O-O Re8 10. Bb5 Bd7 11. dxc5 Qxc5 12. Bxc6 Bxc6 13. a4 a5 14. Re1
e5 15. Qc2 h6 16. Rad1 b6 17. Qb3 Re6 18. Nf1 Rae8 19. Ng3 Qc4 20. Qxc4 dxc4
21. Ra1 Rd8 22. e4 Rd3 23. h3 Nd7 24. Re2 Nc5 25. Nd2 Bxa4 26. Nxc4 Bb5 27. Ne3
g6 28. f3 Nb3 29. Rb1 Red6 30. Ngf1 Kg7 31. Kf2 Nd2 32. Nxd2 Rxd2 33. c4 Ba6
34. Ke1 R2d3 35. b3 f6 36. Nd5 Kf7 37. Rd2 Rxd2 38. Kxd2 f5 39. Ke3 f4+ 40. Kf2
g5 41. Rc1 Rc6 42. Ke2 b5 43. Kd3 bxc4+ 44. bxc4 Ke6 45. Rc2 Kd6 46. Nf6 Ke6
47. Nd5 Kf7 48. Rc3 h5 49. Rc2 g4 50. hxg4 hxg4 51. fxg4 Rg6 52. Nc7 Bb7 53.
Nb5 Bc6 54. Na7 Rd6+ 55. Kc3 Bxe4 56. Re2 Rd3+ 57. Kb2 f3 58. gxf3 Bxf3 59.
Rxe5 Bxg4 60. Rxa5 Ke8 61. Kc2 Rh3 62. Rg5 Be6 63. Nb5 Kd7 64. Rg7+ Kd8 65. Nd6
Bd7 66. Nf7+ Kc8 1/2-1/2

[Event "ODEM U25A 2013"]
[Site "Oberhof GER"]
[Date "2013.05.20"]
[Round "3"]
[White "Donath, Johann"]
[Black "Klosa, Kevin"]
[Result "0-1"]
[Termination "normal"]
[Board "38"]
[WhiteElo "1958"]
[BlackElo "1668"]
[PlyCount "154"]
[WhiteFideId "24685160"]
[BlackFideId "12900206"]
[EventCountry "GER"]
[EventRounds "9"]
[EventType "swiss"]
[EventDate "2013.05.18"]

1. e4 e5 2. Nf3 Nc6 3. d4 exd4 4. Nxd4 Qf6 5. Nb3 d6 6. Nc3 Nge7 7. Be3 a6 8.
Be2 Be6 9. Nd5 Bxd5 10. exd5 Nb4 11. O-O Qxb2 12. c3 Nbxd5 13. Bc4 Nxe3 14.
fxe3 O-O-O 15. Bxf7 Qxc3 16. Qf3 g6 17. Rfc1 Qe5 18. Nd4 d5 19. Rab1 Rd6 20.
Rc5 Rf6 21. Qh3+ Nf5 22. Nxf5 gxf5 23. Rxd5 Qe4 24. Rbd1 Bh6 25. Qh5 Bxe3+ 26.
Kh1 Bf4 27. Qh4 Rd6 28. Rxd6 Bxd6 29. Qf6 Rf8 30. h3 Qf4 31. Kg1 Qe3+ 32. Kh1
Qf4 33. Kg1 Qh2+ 34. Kf2 Qg3+ 35. Kg1 Qe3+ 36. Kh1 Qe5 37. Qxe5 Bxe5 38. Be6+
Kb8 39. Rd7 h6 40. Rh7 Bf4 41. Kg1 Rf6 42. Bb3 Be3+ 43. Kf1 f4 44. Ke2 Rg6 45.
Rh8+ Ka7 46. Rg8 Rxg8 47. Bxg8 Kb6 48. Kf3 Bc1 49. Ke4 Kc5 50. Kd3 b5 51. Bf7
Kb4 52. Kc2 Be3 53. Bd5 c5 54. Be4 c4 55. Bf5 a5 56. h4 Kc5 57. h5 b4 58. Bd7
Kd4 59. Be8 Ke5 60. Bd7 Kf6 61. Bb5 Kg5 62. Bxc4 Kxh5 63. Kd3 Kg4 64. Ke2 h5
65. Bd5 a4 66. Kf1 h4 67. Ke2 Kg3 68. Kf1 h3 69. gxh3 Kxh3 70. Ke2 Kg3 71. Be6
Bc1 72. Bf7 f3+ 73. Kf1 f2 74. Bd5 Bd2 75. Ke2 Be1 76. Bc6 b3 77. axb3 a3 0-1

[Event "ODEM U25A 2013"]
[Site "Oberhof GER"]
[Date "2013.05.20"]
[Round "3"]
[White "Kempe, Markus"]
[Black "Sonnhalter, Stella"]
[Result "1/2-1/2"]
[Termination "normal"]
[Board "39"]
[WhiteElo "1649"]
[BlackElo "1843"]
[PlyCount "61"]
[WhiteFideId "24692638"]
[BlackFideId "4624815"]
[EventCountry "GER"]
[EventRounds "9"]
[EventType "swiss"]
[EventDate "2013.05.18"]

1. e4 c5 2. Nf3 Nc6 3. d4 cxd4 4. Nxd4 g6 5. Nc3 Bg7 6. Be3 Nf6 7. Bc4 O-O 8.
O-O Nxe4 9. Nxe4 d5 10. Nxc6 bxc6 11. Bd3 dxe4 12. Bxe4 Qc7 13. c3 Rb8 14. Qc2
Be6 15. b3 c5 16. Rad1 a5 17. Bd5 Bf5 18. Qc1 Be5 19. h3 a4 20. Bc4 Qa5 21. Rd5
Qxc3 22. Qxc3 Bxc3 23. Rxc5 Bb4 24. Rd5 axb3 25. axb3 Be6 26. Rd4 Bc5 27. Rd3
Bxc4 28. bxc4 Bxe3 29. Rxe3 Rfc8 30. Rxe7 Rxc4 31. Rfe1 1/2-1/2

[Event "ODEM U25A 2013"]
[Site "Oberhof GER"]
[Date "2013.05.20"]
[Round "3"]
[White "Arns, Alexander"]
[Black "Stoll, Katja"]
[Result "1/2-1/2"]
[Termination "normal"]
[Board "41"]
[WhiteElo "1685"]
[BlackElo "1766"]
[PlyCount "92"]
[WhiteFideId "12944009"]
[BlackFideId "1271730"]
[EventCountry "GER"]
[EventRounds "9"]
[EventType "swiss"]
[EventDate "2013.05.18"]

1. c4 c5 2. g3 Nf6 3. Bg2 d5 4. cxd5 Nxd5 5. Nc3 Nc7 6. Nf3 Nc6 7. b3 e5 8. Bb2
f6 9. O-O Be7 10. e3 O-O 11. Ne2 Be6 12. d4 cxd4 13. exd4 e4 14. Ne1 f5 15. Nf4
Bf7 16. Nc2 Bg5 17. Nh3 Bh6 18. Qe2 Nd5 19. Rfd1 Rc8 20. Ne3 Qd7 21. Nxd5 Bxd5
22. Bc1 Bxc1 23. Raxc1 Nb4 24. Nf4 Bf7 25. Rxc8 Rxc8 26. Qd2 Nd5 27. Nxd5 Bxd5
28. Rc1 Rd8 29. Rd1 Qc6 30. Rc1 Qb6 31. Rd1 a5 32. Bh3 Be6 33. Bf1 Bf7 34. Bh3
Bh5 35. Rc1 Bg6 36. Rd1 Bh5 37. Rc1 Rxd4 38. Qg5 Bg4 39. Bxg4 fxg4 40. Qxg4 e3
41. Rc8+ Rd8 42. Rxd8+ Qxd8 43. Qe6+ Kh8 44. Qxe3 Qd1+ 45. Kg2 Qd8 46. Qe4 b6
1/2-1/2

[Event "ODEM U25A 2013"]
[Site "Oberhof GER"]
[Date "2013.05.20"]
[Round "3"]
[White "Nobis, Philipp"]
[Black "Eimer, Christina"]
[Result "1-0"]
[Termination "normal"]
[Board "44"]
[WhiteElo "1716"]
[BlackElo "1541"]
[PlyCount "59"]
[WhiteFideId "24602183"]
[BlackFideId "24655767"]
[EventCountry "GER"]
[EventRounds "9"]
[EventType "swiss"]
[EventDate "2013.05.18"]

1. c4 Nf6 2. g3 c5 3. Bg2 g6 4. Nc3 Bg7 5. Nf3 O-O 6. O-O d6 7. d3 Nc6 8. Bd2
a6 9. Qc1 Rb8 10. Rb1 Qc7 11. a3 b5 12. cxb5 axb5 13. b4 cxb4 14. axb4 Be6 15.
Bh6 Rfc8 16. Bxg7 Kxg7 17. Qd2 Qb6 18. Rfc1 Ng4 19. e3 Bf5 20. Nd5 Qb7 21. h3
Nge5 22. Nxe5 Nxe5 23. Qb2 Rxc1+ 24. Rxc1 Kf8 25. Rc7 Qa6 26. f4 e6 27. fxe5
exd5 28. exd6 Kg8 29. Bxd5 Rf8 30. Qf6 1-0

[Event "ODEM U25A 2013"]
[Site "Oberhof GER"]
[Date "2013.05.20"]
[Round "3"]
[White "Baudy, Niklas"]
[Black "Peters, Theresa"]
[Result "1-0"]
[Termination "normal"]
[Board "45"]
[WhiteElo "1675"]
[BlackElo "1467"]
[PlyCount "77"]
[WhiteFideId "24698849"]
[BlackFideId "12952192"]
[EventCountry "GER"]
[EventRounds "9"]
[EventType "swiss"]
[EventDate "2013.05.18"]

1. e4 c5 2. c3 Nc6 3. d4 cxd4 4. cxd4 e6 5. Nf3 Nf6 6. Nc3 Bb4 7. Bd3 O-O 8.
O-O d5 9. e5 Nd7 10. Bxh7+ Kh8 11. Ng5 g6 12. Qd3 Ne7 13. Qh3 Kg7 14. Nxe6+
fxe6 15. Qh6+ Kf7 16. Bxg6+ Nxg6 17. Qh7+ Ke8 18. Qxg6+ Rf7 19. Qxe6+ Be7 20.
Qxd5 Rg7 21. f4 Nb6 22. Qxd8+ Bxd8 23. f5 Kf7 24. Nb5 Nd5 25. Nd6+ Kg8 26. f6
Rg6 27. Bd2 Bb6 28. Bc3 Bh3 29. Rf2 Ne3 30. g3 Kh7 31. Re1 Nd5 32. e6 Rxf6 33.
Rxf6 Nxf6 34. e7 Bd7 35. Kf2 Ng4+ 36. Ke2 Nxh2 37. Rh1 Bg4+ 38. Kd3 Kg6 39.
Rxh2 1-0

[Event "ODEM U25A 2013"]
[Site "Oberhof GER"]
[Date "2013.05.20"]
[Round "3"]
[White "Thumm, Felix"]
[Black "Weiss, Reinhold"]
[Result "1/2-1/2"]
[Termination "normal"]
[Board "46"]
[WhiteElo "1733"]
[BlackElo "1861"]
[PlyCount "87"]
[WhiteFideId "12902209"]
[BlackFideId "12966436"]
[EventCountry "GER"]
[EventRounds "9"]
[EventType "swiss"]
[EventDate "2013.05.18"]

1. d4 Nf6 2. Nf3 d5 3. e3 e6 4. Nbd2 c5 5. b3 Nc6 6. a3 Bd6 7. Bb2 O-O 8. Bd3
b6 9. O-O Bb7 10. Ne5 Qc7 11. f4 a5 12. g4 Nd7 13. g5 Ba6 14. c4 cxd4 15. exd4
f5 16. Rc1 dxc4 17. Ndxc4 Ndxe5 18. Nxe5 Bxe5 19. fxe5 Bxd3 20. Qxd3 Rfc8 21.
Qc4 Qd7 22. Rfd1 Ne7 23. Qe2 Nd5 24. Rxc8+ Rxc8 25. Rc1 Rxc1+ 26. Bxc1 Qc8 27.
Bb2 Qc6 28. Qc4 Qc7 29. Qb5 Kf7 30. Qc4 Ke7 31. Kf2 Kd7 32. Ke2 Qc6 33. Bc1 b5
34. Qxc6+ Kxc6 35. Kd3 Nb6 36. h4 g6 37. Bd2 a4 38. bxa4 Nxa4 39. Bc1 Kd5 40.
Bd2 Kc6 41. Be3 Nb2+ 42. Kc2 Nc4 43. Bc1 Kd5 44. Kd3 1/2-1/2

[Event "ODEM U25A 2013"]
[Site "Oberhof GER"]
[Date "2013.05.20"]
[Round "3"]
[White "Wastian, Jan"]
[Black "Bastelberger, Julian"]
[Result "1-0"]
[Termination "normal"]
[Board "47"]
[WhiteElo "1636"]
[BlackElo "1710"]
[PlyCount "85"]
[WhiteFideId "12911640"]
[BlackFideId "12971693"]
[EventCountry "GER"]
[EventRounds "9"]
[EventType "swiss"]
[EventDate "2013.05.18"]

1. e4 c5 2. c3 Nf6 3. e5 Nd5 4. d4 e6 5. Nf3 cxd4 6. cxd4 d6 7. Bc4 Nb6 8. Bd3
Nc6 9. a3 Nd7 10. exd6 Bxd6 11. O-O Nf6 12. Nc3 O-O 13. Bg5 Be7 14. Bc2 Re8 15.
Qd3 g6 16. Rad1 Nd5 17. Bh6 Bf8 18. Qd2 Bg7 19. Rfe1 Nce7 20. Ne5 Nf6 21. Bg5
Ned5 22. Ba4 Rf8 23. Bb3 Qd6 24. Bh4 b6 25. Nb5 Qd8 26. Bxd5 exd5 27. Qd3 Bf5
28. Qb3 Be6 29. Rc1 a6 30. Nc7 Rc8 31. Nxa6 Qd6 32. Bg3 Qe7 33. Qxb6 Bh6 34.
Rc7 Rxc7 35. Qxc7 Qe8 36. Nc5 Bf5 37. Nf3 Qb5 38. Qb7 Qa5 39. h3 Bd2 40. Re2
Bh6 41. Bd6 Bc8 42. Qc6 Rd8 43. Bc7 1-0

[Event "ODEM U25A 2013"]
[Site "Oberhof GER"]
[Date "2013.05.20"]
[Round "3"]
[White "Martin, Raphael"]
[Black "Schroeder, Stefan"]
[Result "1/2-1/2"]
[Termination "normal"]
[Board "49"]
[WhiteElo "1682"]
[BlackElo "1694"]
[PlyCount "83"]
[WhiteFideId "12952036"]
[BlackFideId "12971707"]
[EventCountry "GER"]
[EventRounds "9"]
[EventType "swiss"]
[EventDate "2013.05.18"]

1. e4 e6 2. d4 d5 3. Nd2 Nf6 4. e5 Nfd7 5. Ngf3 c5 6. c3 Nc6 7. Bd3 cxd4 8.
cxd4 Qb6 9. O-O Nxd4 10. Nxd4 Qxd4 11. Nf3 Qb6 12. Qa4 Bc5 13. Qg4 Kf8 14. Qf4
Qb4 15. Qg3 f5 16. Ng5 Nb6 17. Qh3 Qa4 18. Qh5 Qe8 19. Nxh7+ Rxh7 20. Qxh7 Qe7
21. h4 Bd7 22. Be2 Qf7 23. Qh8+ Qg8 24. Qxg8+ Kxg8 25. Bf4 Bc6 26. a3 Nd7 27.
Rfd1 a5 28. Rab1 a4 29. Bf3 Kf7 30. g3 g6 31. Kg2 Rh8 32. Rbc1 Ra8 33. Re1 Bd4
34. Rb1 Ra6 35. Kh3 Bxf2 36. Red1 Bc5 37. g4 fxg4+ 38. Kxg4 Ra8 39. Rh1 Rh8 40.
Kg5 Be7+ 41. Kg4 Nc5 42. Rbd1 1/2-1/2

[Event "ODEM U25A 2013"]
[Site "Oberhof GER"]
[Date "2013.05.20"]
[Round "3"]
[White "Bossert, Felix"]
[Black "Herrmann, Heribert"]
[Result "0-1"]
[Termination "normal"]
[Board "50"]
[WhiteElo "1522"]
[BlackElo "1683"]
[PlyCount "80"]
[WhiteFideId "12960977"]
[BlackFideId "12971715"]
[EventCountry "GER"]
[EventRounds "9"]
[EventType "swiss"]
[EventDate "2013.05.18"]

1. d4 Nf6 2. Nf3 c5 3. Nc3 d5 4. Bf4 Nc6 5. e3 a6 6. Ne5 e6 7. Nxc6 bxc6 8. Be2
cxd4 9. exd4 Bd6 10. Bxd6 Qxd6 11. Na4 Nd7 12. O-O O-O 13. Bd3 e5 14. dxe5 Nxe5
15. Nb6 Bg4 16. f3 Qc5+ 17. Kh1 Bxf3 18. gxf3 Qxb6 19. b3 Rfe8 20. Rg1 Ra7 21.
f4 Nxd3 22. Qxd3 Rae7 23. Qg3 g6 24. Rae1 Re2 25. Rxe2 Rxe2 26. Rg2 Re3 27. Qf2
Qd4 28. Qd2 Qxd2 29. Rxd2 Rf3 30. Rd4 Rf2 31. c4 Rxa2 32. cxd5 cxd5 33. Rxd5
Kg7 34. Rg5 Kf6 35. Rc5 h6 36. h3 Ra3 37. Rc3 a5 38. Rc6+ Kf5 39. Ra6 Kxf4 40.
Rf6+ Kg3 0-1

[Event "ODEM U25A 2013"]
[Site "Oberhof GER"]
[Date "2013.05.20"]
[Round "3"]
[White "von Reppert, Marc"]
[Black "Nguyen, Anh Van"]
[Result "0-1"]
[Termination "normal"]
[Board "51"]
[WhiteElo "1681"]
[BlackElo "1630"]
[PlyCount "58"]
[WhiteFideId "12918130"]
[BlackFideId "12908223"]
[EventCountry "GER"]
[EventRounds "9"]
[EventType "swiss"]
[EventDate "2013.05.18"]

1. e4 c5 2. c3 d6 3. d4 cxd4 4. cxd4 Nf6 5. Nc3 g6 6. Bd3 Bg7 7. Nf3 O-O 8. h3
Nc6 9. O-O Qb6 10. Ne2 Nb4 11. Re1 Nxd3 12. Qxd3 Bd7 13. Nc3 Rac8 14. e5 Bf5
15. Qe3 dxe5 16. dxe5 Nd7 17. Nd5 Qe6 18. Nf4 Qb6 19. Nd5 Qe6 20. Nf4 Qb6 21.
Bd2 Qxe3 22. Bxe3 Nxe5 23. Nxe5 Bxe5 24. Nd5 Bd6 25. Bxa7 Be6 26. Nc3 Bb4 27.
Rac1 Bxa2 28. Rxe7 Bxe7 29. Nxa2 Ra8 0-1

[Event "ODEM U25A 2013"]
[Site "Oberhof GER"]
[Date "2013.05.20"]
[Round "3"]
[White "Weber, Yannik"]
[Black "Halas, Lena"]
[Result "0-1"]
[Termination "normal"]
[Board "52"]
[WhiteElo "1542"]
[BlackElo "1668"]
[PlyCount "74"]
[WhiteFideId "24692700"]
[BlackFideId "12931799"]
[EventCountry "GER"]
[EventRounds "9"]
[EventType "swiss"]
[EventDate "2013.05.18"]

1. d4 d5 2. c4 dxc4 3. Nc3 e5 4. e3 Nc6 5. d5 Nce7 6. Bxc4 Nf6 7. e4 Ng6 8.
Nge2 Bc5 9. Bg5 Bxf2+ 10. Kd2 Bc5 11. Bb5+ c6 12. Bxf6 Qxf6 13. dxc6 bxc6 14.
Nd5 Qd6 15. Ba4 O-O 16. Kc2 cxd5 17. exd5 Bb7 18. Nc3 Bb6 19. Qd3 Nf4 20. Qb5
Qg6+ 21. Kb3 Rad8 22. Rad1 e4 23. g3 Nd3 24. g4 Nf2 25. Qf1 Nxh1 26. Qxh1 e3
27. h4 e2 28. Nxe2 Qxg4 29. Nc3 Ba6 30. Qh2 Bc4+ 31. Ka3 Bc5+ 32. b4 Bd6 33.
Qf2 a5 34. Rg1 axb4+ 35. Kb2 bxc3+ 36. Kxc3 Qe2 37. Qf6 Be5+ 0-1